Statistics for Palau Country Quiz

Click here to take the quiz!

General Stats

  • This quiz has been taken 6,967 times
    (6,923 since last reset)
  • The average score is 9 of 13

Answer Stats

QuestionAnswer% Correct
Official languagesEnglish
98%
Subregion of Oceania that Palau is part of{Micro}nesia
94%
Country which seized the islands in 1914 and held them until 1944Japan
92%
Country from which Palau became independent in 1994United States
89%
Country which colonized Palau from 1574–1898Spain
87%
55% of people from Palau are _____, the second-highest of any country (after Nauru)Obese
79%
Country which purchased the islands from the above, holding them until 1914Germany
78%
Official languagesPalauan
58%
Lake with millions of stinging sea creatures which have lost their ability to sting{Jellyfish} Lake
53%
Capital of PalauNgerulmud
52%
In 2009, Palau created the first sanctuary to protect these sea creaturesSharks
47%
Most populous islandKoror
24%
UNESCO World Heritage site consisting of two hundred small, forested islands{Rock} Islands
15%

Score Distribution

Percentile by Number Answered

Percent of People with Each Score

Your Score History

You have not taken this quiz since the last reset